Miniaturas /
Un samurái, el monte Fuji, un extranjero venido de un pueblo lejano, un dragón acechante, un humilde constructor de casas, condiciados peces de oro...Una narrativa que nos lleva a recorrer un camino nutrido de relatos tradicionales de origen europeo y oriental.
Guardado en:
| Autor Principal: | |
|---|---|
| Otros Autores: | |
| Formato: | Libro |
| Idioma: | Undetermined |
| Publicado: |
San Isidro :
Macmillan,
2011.
|
| Edición: | 1a ed. |
| Series: | Todos distintos
|
| Materias: | |
| Etiquetas: |
Agregar Etiqueta
Sin Etiquetas, Sea el primero en etiquetar este registro!
|
| LEADER | 00928nam a22002175a 4500 | ||
|---|---|---|---|
| 001 | CEM.cems020829 | ||
| 008 | 240226s2011####xx############000#0#und#d | ||
| 005 | 20240226123228.0 | ||
| 245 | 1 | 0 | |a Miniaturas / |c María Teresa Andruetto ; ilustrado por Irene Singer. |
| 250 | |a 1a ed. | ||
| 260 | |a San Isidro : |b Macmillan, |c 2011. | ||
| 300 | |a 48 p. | ||
| 490 | 1 | |a Todos distintos | |
| 520 | |a Un samurái, el monte Fuji, un extranjero venido de un pueblo lejano, un dragón acechante, un humilde constructor de casas, condiciados peces de oro...Una narrativa que nos lleva a recorrer un camino nutrido de relatos tradicionales de origen europeo y oriental. | ||
| 020 | |a 9789876720892 | ||
| 100 | 1 | |a Andruetto, María Teresa. | |
| 700 | 1 | |a Singer, Irene; il. | |
| 653 | |a Cuentos tradicionales | ||
| 653 | |a Literatura argentina | ||
| 653 | |a Literatura infantil | ||
| 859 | |a CEMS |b BIB. CEMS - Inicial y Primaria |h A868.4 |i An29-1 |k IP |p 3748 |t Ej. 1 | ||
